00429 a2200121 450000500170000002000180001708200210003510000200005624500970007625000130017326000400018630000810022620250612155641.0 a0-256-17354-0 aLECT 658.403 OBR aO'BRIEN, J. A.  aManagement information systems: Managing information technology in the networked enterprise. a3rd Ed.  aBoston, bIrwin/McGraw-Hill,c1996. axxxi, 623p.: ill.; figure, map, picture, table. bGlossary & index, c26cm.